| 000 | 00699nam a22002177a 4500 | ||
|---|---|---|---|
| 999 |
_c2618 _d2618 |
||
| 003 | AR-CdUCM | ||
| 008 | 190305b ||||| |||| 00| 0 spa d | ||
| 040 |
_aMUNICIPALIDAD PROVINCIAL DEL CUSCO _cBIBLIOTECA MUNICIPAL DEL CUSCO |
||
| 082 |
_a985.9 / _bM42 |
||
| 100 |
_aMendoza, Mauro G. _99213 |
||
| 245 | _aAncash : histórico / | ||
| 260 |
_aLima : _bEdiciones Peruanas, _c1958. |
||
| 300 |
_a101 páginas ; _c18 cm. |
||
| 505 | _aÉpoca prehispánica -- Conquista y colonia -- Independencia y República | ||
| 650 |
_aHistoria _9136 |
||
| 650 |
_aAncash _98362 |
||
| 650 |
_aPerú _935 |
||
| 700 |
_aselección y prólogo de Felix Alvarez Brun. _99214 |
||
| 942 |
_2ddc _cLIBROS |
||
| 945 | _admma | ||